000 00485nam a2200205Ia 4500
005 20240823025918.0
008 240823s9999||||xx |||||||||||||| ||und||
020 _a978-81-317-08-32-3
041 _aENGLISH
082 _A005.82 P9
100 _aAbhijit Das
245 0 _aPublic-Key Cryptography
250 _a1st
260 _c2009
_b"Pearson,"
500 _aYES
650 _aCryptography
_bComputer Science
700 _a Veni MAdhavan CE
942 _cBK
999 _c187446
_d187446